000 00436nam a22001577a 4500
999 _c3955
_d3955
008 200708b ||||| |||| 00| 0 eng d
082 0 0 _a537.1
_bJ346
100 _91971
_aJeans, James.
245 1 0 _aThe Mathematical theory of electricity and magnetism
_cby James Jeans
250 _a5th ed.
260 _aCambridge
_bCambridge University Press
_c1960
300 _avii,652 p.
365 _d20.00
650 0 _aElectricity
942 _cBK